00393nam a2200157Ia 4500008004100000020001900041082001700060100001700077245003900094250000800133260002500141300001200166500002400178650001500202700001800217230524s9999 xx 000 0 und d a97800770667112 a381.142bGRE aDhruv Grewal 0aMarketing (Special Indian Edition) aIST aNEW DELHIbTMHc2008 aXX;1010 aQuantity Number: 5 aManagement a Michael Levy